Principles of Corporate Finance

Salvato in:
Dettagli Bibliografici
Autore principale: Brealey, Richard
Altri autori: Myers, Stewart C., Allen, Franklin
Natura: Libro
Lingua:inglese
Pubblicazione: New York McGraw Hill 2025
Edizione:2025 Release, International Student Edition
Soggetti:
Tags: Aggiungi Tag
Nessun Tag, puoi essere il primo ad aggiungerne!!

MARC

LEADER 00000nam a2200000 4500
001 0312523
005 20251113152109.1
020 |a 978-1-265-08758-6 
041 0 |a eng 
044 |a US 
245 1 0 |a Principles of Corporate Finance  |c Richard A. Brealey ... [et al.] 
250 |a 2025 Release, International Student Edition 
264 1 |a New York  |b McGraw Hill  |c 2025 
300 |a [400 s.] 
610 2 0 |a financie podnikové 
610 2 0 |a riziko 
610 2 0 |a kapitál 
610 2 0 |a trh finančný 
610 2 0 |a riadenie rizík 
610 2 0 |a riadenie finančné 
610 2 0 |a manažment finančný 
610 2 0 |a plánovanie finančné 
610 2 0 |a fúzie 
100 1 |a Brealey, Richard 
700 1 |a Myers, Stewart C. 
700 1 |a Allen, Franklin